000 00336 a2200157 4500
001 61791
020 _a8502010557
040 _cAnchieta - Pituba
100 _aBÔAS, NEWTON VILLAS
240 1 0 _aTópicos de física 2
_lpor
245 1 0 _aTópicos de física 2
300 _a320
362 0 _a1997
650 4 _aFísica
942 _cBK
999 _c61791
_d61791